| 000 | 00457nam a2200157 a 4500 | ||
|---|---|---|---|
| 001 | 000039876 | ||
| 005 | 20201002033802.0 | ||
| 008 | 130725s2005 sp acg 000 0 spa d | ||
| 020 | _a8495881527 | ||
| 040 |
_aDO-SdBNP _bspa _cBNPHU |
||
| 100 | 1 |
_aRodríguez, Silvio _966088 |
|
| 245 | 1 | 0 |
_aAntología / _cSilvio Rodríguez. |
| 260 |
_aMadrid : _bEllago Ediciones, _c2005. |
||
| 300 |
_a354 p. : _bil., mús., retrs. ; _c32 cm. |
||
| 500 | _aPartituras musicales | ||
| 999 |
_c39366 _d39366 |
||